| 000 | 00906nam a22003251c 4500 | ||
|---|---|---|---|
| 001 | a987676699 | ||
| 008 | 160707s2009 gw |||| 000u rus d | ||
| 020 |
_a9785852092410 _9978-5-85209-241-0 |
||
| 041 | _arus | ||
| 100 | 1 | _aBorodin, Nikolaj A. | |
| 245 | 0 | 0 |
_aIdealy i dejstvitel'nost' : _bsorok let žizni i raboty rjadovogo russkogo intelligenta (1879-1919) |
| 264 |
_aMoskva : _bGPIB, _c2009 |
||
| 300 | _a250 S. | ||
| 600 | 0 | _aBorodin, Nikolaj Andreevič | |
| 650 | 0 | _aBildung | |
| 650 | 0 | _aSchule | |
| 650 | 0 | _aBibliothek | |
| 650 | 0 | _aLandwirtschaft | |
| 650 | 0 | _aAlltag | |
| 650 | 0 | _aLiberalismus | |
| 651 | 0 | _aKasachstan | |
| 651 | 0 | _aUral'sk | |
| 651 | 0 | _aUral | |
| 655 | 0 | _aAutobiographie | |
| 710 | 2 | _aGosudarstvennaja publičnaja istoričeskaja biblioteka Rossii | |
| 942 | _cMG | ||
| 040 | _cRU-10907106 | ||
| 003 | RU-10907106 | ||
| 999 |
_c38677 _d38677 |
||
| 490 | 0 | _aVgljadyvajas' v prošloe | |